000 00955nam a22002177a 4500
999 _c17954
_d17954
003 AR-CdUCM
008 190510b ||||| |||| 00| 0 spa d
040 _aMUNICIPALIDAD PROVINCIAL DEL CUSCO
_cBIBLIOTECA MUNICIPAL DEL CUSCO
082 _a331.88 /
_bP89
100 _aPrado, Jorge del
_97404
245 _aCursillo - manual de sindicalismo y de organización y lucha sindical :
_bCompendio teórico y práctico en diez lecciones y cuatro cuadros gráficos explicativos /
260 _aLima :
_bJorge del Prado,
_c1961.
300 _a191 paginas ;
_c17 cm.
505 _aContenido :El movimiento obrero y las principales corrientes que influyen en su desarrollo --Fundamentos y principios del sindicalismo clasista --Como se organiza y como funciona un sindicato ...
650 _aSindicalismo
_95257
650 _aManuales
_95970
650 _aFundamentos
_928176
650 _aPrincipios
_95198
942 _2ddc
_cLIBROS
945 _arjall
_d2019-05-10